| 000 | 01287cam a22003135a 4500 | ||
|---|---|---|---|
| 001 | 016316023 | ||
| 003 | EG-ScBUE | ||
| 005 | 20220403110139.0 | ||
| 008 | 130318s2013 enk f b 001 0 eng d | ||
| 020 | _a9780415850643 (pbk.) | ||
| 040 |
_aStDuBDS _beng _erda _cStDuBDS _dEG-ScBUE |
||
| 082 | 0 | 4 |
_a822.912 _bGEO _222 |
| 245 | 0 | 0 |
_aGeorge Bernard Shaw / _cedited by T. F. Evans. |
| 264 | 1 |
_aLondon ; _aNew York : _bRoutledge, _c2013. |
|
| 300 |
_axvi, 422 pages ; _c22 cm. |
||
| 336 |
_2rdacontent _atext _btxt |
||
| 337 |
_2rdamedia _aunmediated _bn |
||
| 338 |
_2rdacarrier _avolume _bnc |
||
| 490 | 0 | _aCritical heritage series | |
| 504 | _aIncludes bibliographical references and index. | ||
| 520 | _aThis set comprises 40 volumes covering 19th- and 20th-century European and American authors. These volumes will be available as a complete set, mini boxed sets (by theme) or as individual volumes. This second set compliments the first 68 volume set of Critical Heritage published by Routledge in October 1995. | ||
| 600 | 1 | 7 |
_aShaw, Bernard, _d1856-1950 _xCriticism and interpretation. _2BUEsh |
| 650 | _2BUEsh | ||
| 651 | _2BUEsh | ||
| 653 |
_bHHUUEENN _cOctober2016 |
||
| 655 |
_vReading book _934232 |
||
| 700 | 1 |
_aEvans, T. F., _eeditor of compilation. |
|
| 942 |
_2ddc _cBB |
||
| 999 |
_c22624 _d22596 |
||